Fundamentos de Mecánica Técnica
| Main Authors: | , , |
|---|---|
| Format: | Section = Libro |
| Language: | Undetermined Spanish |
| Published: |
México
Mir Moscú
1985
|
| Subjects: |
| LEADER | 00604nam a2200217Ia 4500 | ||
|---|---|---|---|
| 008 | 240830s9999 xx 000 0 und d | ||
| 040 | |a B-ESTELÍ- RUACS / 530 M935 | ||
| 041 | |a spa | ||
| 082 | |a 530 M935 | ||
| 100 | 1 | |a Movnin, M.S | |
| 100 | 1 | |b Izraelit, A.B | |
| 100 | 1 | |c Rubashkin, A.G | |
| 245 | 1 | 0 | |a Fundamentos de Mecánica Técnica |
| 260 | |a México |b Mir Moscú |c 1985 | ||
| 300 | |a 909 p. :il | ||
| 650 | 7 | |a INGENIERÍA DE TRASPORTACION | |
| 650 | 7 | |b CONTROL DE MAQUINARIA Y MANTENIMIENTO | |
| 650 | 7 | |c INSTALACION Y MOTORES ELECTRICOS | |
| 942 | |c BK |2 ddc | ||
| 991 | |a TEXTO | ||
| 999 | |c 11008 | ||